000 01072nam a22003257a 4500
003 CHAP
005 20220329133523.0
008 971013s1990 r 00010 d
010 _a7341
011 _a8313
035 _a7539
040 _cCHAP
082 _a541.345
_bB4
100 0 0 _aBeckett, Ronald
_eed.
_911212
245 _aSurface and colloid chemistry in natural waters and water treatment
260 _aNew York :
_bPlenum Press,
_c1990
300 _a159 p.
500 _a63-58
590 _aBATCH-UPD
_b10
_c20130110
_lUCH01
_h0058
590 _aBATCH-UPD
_b10
_c20130110
_lUCH01
_h1754
590 _aBATCH-UPD
_b10
_c20130410
_lUCH01
_h1131
590 _aCONVERSION
_b10
_c20130109
_lUCH01
_h1305
650 1 4 _aAgua
_xPurificacion.
_92397
650 1 4 _aAgua
_xQuimica de.
_92399
650 1 4 _aColoides.
_925341
711 0 _aSymposium on Surface and Colloid Chemistry in Natural Water Treatment (1987: Melbourne, Australia)
_9111089
901 _aBK
942 _cLIBRO
949 _a541.345 B4
_bBC
_cLIBRO
_d33724000389086
_eLIBRO
_gI.165539
_h83713
_i7539
_si
_t223.00
999 _c7341
_d7341